000 00765nam a2200253Ia 4500
003 OSt
005 20221005034648.0
006 a|||||r|||| 00| 0
007 ta
008 221004b |||||||| |||| 00| 0 urd d
020 _a9788182239999 (hpk)
_c300
024 _a4726
037 _b6072, 25/03/2013, Educational Publishing House
_cTextual
040 _aCRL
_cCRL
_burd
041 _2urd
_aurd
082 _aY15:g, 168Q2
100 _aTahseen Amena
245 0 _aTanisee fikr ki jihaat
260 _aDelhi
_bEducational Publishing House India
_c2012
300 _a252p.
_ccm.
650 _aURDU LITERATURE
942 _hY15:g, 168Q2
_cTEXL
_2cc
999 _c943844
_d943844